[Event "TUR Cup"]
[Site "Denizli"]
[Date "2023.07.17"]
[Round "2"]
[White "Yildirim, Berkan"]
[Black "Tepe, Efe Can"]
[Result "1/2-1/2"]
[WhiteElo "1601"]
[BlackElo "2150"]
[PlyCount "118"]
[EventDate "2023.07.16"]
[EventType "team-tourn"]
[EventRounds "9"]
[EventCountry "TUR"]
[SourceTitle "CBM 215 Extra"]
[Source "ChessBase"]
[SourceDate "2023.09.30"]
[SourceVersion "1"]
[SourceVersionDate "2023.09.30"]
[SourceQuality "1"]

1. e4 d6 2. d4 Nf6 3. Bd3 e5 4. c3 Be7 5. Ne2 Nbd7 6. 0-0 d5 7. Nd2 0-0 8. Bc2 c6 9. h3 exd4 10. Nxd4 dxe4 11. Nxe4 Nxe4 12. Bxe4 g6 13. Bxc6 Bf6 14. Ba4 Nc5 15. Bc2 Qb6 16. Nb3 Nxb3 17. Bxb3 Bf5 18. Qf3 a5 19. Be3 Qa6 20. Rfd1 Bg7 21. a4 Bd3 22. Qf4 Rac8 23. Rd2 Rc6 24. Rad1 Bc4 25. Bxc4 Rxc4 26. Rd6 Rxf4 27. Rxa6 Rxa4 28. Rb6 Rb8 29. Rd7 Ra1+ 30. Kh2 Rb1 31. Bd4 a4 32. Rdxb7 Rxb7 33. Rxb7 Bxd4 34. cxd4 a3 35. Ra7 axb2 36. Rb7 Kg7 37. d5 Kf6 38. d6 h5 39. d7 Ke7 40. Kg3 h4+ 41. Kxh4 Rg1 42. Rxb2 Rxg2 43. Rd2 Kd8 44. Rd3 Rxf2 45. Kg5 Rf1 46. Kh6 Rg1 47. Kg7 f5 48. Kf6 f4 49. Ke6 Rg3 50. Rd4 g5 51. Rd5 Re3+ 52. Kf5 f3 53. Kg4 f2 54. Rf5 Re4+ 55. Kg3 Rf4 56. Rxf4 gxf4+ 57. Kxf2 Kxd7 58. Kf3 Ke6 59. Kxf4 Kf6 1/2-1/2

[Event "TUR-chT 1st League"]
[Site "Konya"]
[Date "2022.08.28"]
[Round "9.5"]
[White "Tepe, Efe Can"]
[Black "Uzun, Fuat"]
[Result "1/2-1/2"]
[WhiteElo "2106"]
[BlackElo "1937"]
[PlyCount "149"]
[EventDate "2022.08.22"]
[EventType "team-swiss"]
[EventRounds "9"]
[EventCountry "TUR"]
[SourceTitle "CBM 209 Extra"]
[Source "ChessBase"]
[SourceDate "2022.09.30"]
[SourceVersion "1"]
[SourceVersionDate "2022.09.30"]
[SourceQuality "1"]
[WhiteTeam "Genc Akademisyenler"]
[BlackTeam "Olbia Satranc"]
[WhiteTeamCountry "TUR"]
[BlackTeamCountry "TUR"]

1. e4 e5 2. Nf3 Nc6 3. Bb5 Nf6 4. 0-0 Nxe4 5. d4 Nd6 6. Bxc6 dxc6 7. dxe5 Nf5 8. Qxd8+ Kxd8 9. Rd1+ Ke8 10. b3 Be7 11. Bb2 Be6 12. c4 Rd8 13. Nc3 b6 14. h3 h6 15. Ne4 c5 16. g4 Nh4 17. Nxh4 Bxh4 18. f4 Bc8 19. e6 Rg8 20. Be5 Bb7 21. Rxd8+ Bxd8 22. exf7+ Kxf7 23. Ng3 g6 24. Rd1 Bc6 25. Kf2 Re8 26. Rd2 Bf6 27. Bxf6 Kxf6 28. h4 g5 29. fxg5+ hxg5 30. h5 Rf8 31. Re2 Rd8 32. Ne4+ Bxe4 33. Rxe4 Rd4 34. Kf3 a5 35. a4 Rd3+ 36. Re3 Rd1 37. Ke4 Rd4+ 38. Kf3 Rf4+ 39. Kg3 Rd4 40. Rf3+ Kg7 41. Rf5 Rd3+ 42. Kf2 Kh6 43. Rf3 Rd2+ 44. Ke3 Rg2 45. Rf6+ Kh7 46. Kf3 Rb2 47. Ke4 Rxb3 48. Kf5 b5 49. Rf7+ Kh6 50. Rxc7 Rf3+ 51. Ke5 bxc4 52. Rc6+ Kh7 53. Rxc5 Rf4 54. Rxa5 Rxg4 55. Kf5 Rg3 56. Rc5 Kh6 57. Rxc4 Kxh5 58. Rc8 Rf3+ 59. Ke5 Kg4 60. Kd5 Ra3 61. Rc4+ Kf3 62. Kc5 g4 63. Kb4 Ra1 64. Rc8 Rb1+ 65. Ka5 g3 66. Rf8+ Ke2 67. Rg8 Kf2 68. Rf8+ Kg1 69. Ka6 Rb4 70. a5 Rg4 71. Kb7 g2 72. a6 Kh2 73. Rf2 Kg3 74. Rxg2+ Kxg2 75. a7 1/2-1/2

[Event "TUR-chT 1st League"]
[Site "Konya"]
[Date "2022.08.27"]
[Round "8.3"]
[White "Ozdemir, Serhan Berat"]
[Black "Tepe, Efe Can"]
[Result "0-1"]
[WhiteElo "2147"]
[BlackElo "2106"]
[PlyCount "48"]
[EventDate "2022.08.22"]
[EventType "team-swiss"]
[EventRounds "9"]
[EventCountry "TUR"]
[SourceTitle "CBM 209 Extra"]
[Source "ChessBase"]
[SourceDate "2022.09.30"]
[SourceVersion "1"]
[SourceVersionDate "2022.09.30"]
[SourceQuality "1"]
[WhiteTeam "Pamukkale Universiteli"]
[BlackTeam "Genc Akademisyenler"]
[WhiteTeamCountry "TUR"]
[BlackTeamCountry "TUR"]

1. e4 c5 2. Nf3 Nc6 3. Bb5 g6 4. Bxc6 dxc6 5. h3 e5 6. d3 Bg7 7. 0-0 Qe7 8. a3 Nf6 9. b4 0-0 10. Qe1 Nh5 11. Be3 b6 12. bxc5 f5 13. Nc3 Nf4 14. exf5 Rxf5 15. Ne4 Nxh3+ 16. Kh2 Rxf3 17. gxf3 Qh4 18. Kg2 Nf4+ 19. Bxf4 Bh3+ 20. Kg1 exf4 21. cxb6 axb6 22. Rb1 Re8 23. Nf6+ Bxf6 24. Qxe8+ Kg7 0-1

[Event "TUR-chT 1st League"]
[Site "Konya"]
[Date "2022.08.26"]
[Round "7.2"]
[White "Tepe, Efe Can"]
[Black "Karaoglan, Doruk"]
[Result "1-0"]
[WhiteElo "2106"]
[BlackElo "2210"]
[PlyCount "99"]
[EventDate "2022.08.22"]
[EventType "team-swiss"]
[EventRounds "9"]
[EventCountry "TUR"]
[SourceTitle "CBM 209 Extra"]
[Source "ChessBase"]
[SourceDate "2022.09.30"]
[SourceVersion "1"]
[SourceVersionDate "2022.09.30"]
[SourceQuality "1"]
[WhiteTeam "Genc Akademisyenler"]
[BlackTeam "Apaydin Dernegi"]
[WhiteTeamCountry "TUR"]
[BlackTeamCountry "TUR"]

1. e4 c5 2. Nf3 Nc6 3. d4 cxd4 4. Nxd4 e5 5. Nb5 d6 6. N1c3 a6 7. Na3 b5 8. Nd5 Nge7 9. c4 Nxd5 10. cxd5 Nd4 11. Bd3 g6 12. Nc2 Nxc2+ 13. Qxc2 Bd7 14. Be3 Bg7 15. 0-0 0-0 16. Rfc1 Rc8 17. Qd2 f5 18. f3 f4 19. Bf2 g5 20. Rxc8 Bxc8 21. a4 bxa4 22. Rxa4 g4 23. fxg4 f3 24. g3 Qd7 25. Rc4 Qxg4 26. Rc6 Rf6 27. Qa5 Bb7 28. Rb6 Qd7 29. Qb4 Bc8 30. Rc6 Bb7 31. Rb6 Bc8 32. Rc6 Bb7 33. Qb6 Bc8 34. Qb8 Rf8 35. Qxd6 Qh3 36. Bf1 Qg4 37. h3 Qd7 38. Qxd7 Bxd7 39. Rxa6 Rb8 40. Rb6 Rc8 41. Rb7 Ba4 42. b3 Be8 43. d6 Rd8 44. Bc4+ Kf8 45. Be6 Bf6 46. Be3 Bg6 47. Bc5 Bg5 48. h4 Bf6 49. h5 Bxh5 50. Rxh7 1-0

[Event "TUR Cup"]
[Site "Antalya"]
[Date "2020.01.28"]
[Round "4"]
[White "Yaran, Siar"]
[Black "Tepe, Efe Can"]
[Result "1-0"]
[WhiteElo "2248"]
[BlackElo "2137"]
[PlyCount "45"]
[EventDate "2020.01.26"]
[EventType "swiss"]
[EventRounds "11"]
[EventCountry "TUR"]
[SourceTitle "CBM 194 Extra"]
[Source "ChessBase"]
[SourceDate "2020.03.31"]
[SourceVersion "1"]
[SourceVersionDate "2020.03.31"]
[SourceQuality "1"]

1. c4 Nf6 2. Nc3 g6 3. g3 Bg7 4. Bg2 0-0 5. Nf3 d6 6. 0-0 Nc6 7. d3 Nh5 8. d4 f5 9. d5 Na5 10. Qd3 e5 11. dxe6 Bxe6 12. Ng5 Bf7 13. Bd5 Nf6 14. Nxf7 Rxf7 15. Bxf7+ Kxf7 16. Bg5 Nc6 17. c5 h6 18. Bxf6 Bxf6 19. Rfd1 Be5 20. cxd6 Bxd6 21. Nb5 Qe7 22. Nxd6+ cxd6 23. Qxd6 1-0

[Event "TUR Cup"]
[Site "Antalya"]
[Date "2020.01.27"]
[Round "2"]
[White "Demir, Mustafa"]
[Black "Tepe, Efe Can"]
[Result "0-1"]
[WhiteElo "1806"]
[BlackElo "2137"]
[PlyCount "98"]
[EventDate "2020.01.26"]
[EventType "swiss"]
[EventRounds "11"]
[EventCountry "TUR"]
[SourceTitle "CBM 194 Extra"]
[Source "ChessBase"]
[SourceDate "2020.03.31"]
[SourceVersion "1"]
[SourceVersionDate "2020.03.31"]
[SourceQuality "1"]

1. e4 c5 2. Nc3 g6 3. d4 cxd4 4. Qxd4 Nf6 5. Nf3 Nc6 6. Qa4 d6 7. e5 Ng4 8. exd6 Bg7 9. h3 Nge5 10. Nxe5 Bxe5 11. dxe7 Qxe7 12. Be3 Be6 13. Bb5 0-0 14. 0-0 Rfc8 15. Rfe1 a6 16. Bxc6 Rxc6 17. Bf4 Bg7 18. Rad1 Rac8 19. Qe4 Rc4 20. Qe3 Qb4 21. Bh6 Qxb2 22. Nd5 Bxh6 23. Qxh6 Bxd5 24. Rxd5 Rxc2 25. Rde5 Rc1 26. Re8+ Rxe8 27. Qxc1 Rxe1+ 28. Qxe1 Qxa2 29. Qe5 Qb1+ 30. Kh2 Qb6 31. Qe8+ Kg7 32. f4 Qd6 33. Qe4 b5 34. h4 h5 35. g3 Qf6 36. Qb4 Kh7 37. Kg2 Qc6+ 38. Kf2 Qc4 39. Qd6 a5 40. g4 hxg4 41. Kg3 Qe2 42. h5 Qf3+ 43. Kh2 g3+ 44. Kh3 g2+ 45. Kh2 Qxh5+ 46. Kxg2 a4 47. Qb4 Qd5+ 48. Kg1 Qc4 49. Qe7 Qxf4 0-1

[Event "Cesme op-A 7th"]
[Site "Cesme"]
[Date "2019.06.30"]
[Round "9"]
[White "Erdogdu, Mert"]
[Black "Tepe, Efe Can"]
[Result "1-0"]
[WhiteElo "2391"]
[BlackElo "2150"]
[PlyCount "129"]
[EventDate "2019.06.24"]
[EventType "swiss"]
[EventRounds "9"]
[EventCountry "TUR"]
[SourceTitle "CBM 191 Extra"]
[Source "ChessBase"]
[SourceDate "2019.09.30"]
[SourceVersion "1"]
[SourceVersionDate "2019.09.30"]
[SourceQuality "1"]

1. e4 c5 2. Nf3 d6 3. Bb5+ Nd7 4. 0-0 a6 5. Bd3 Ngf6 6. Re1 g6 7. c3 Bg7 8. Bc2 0-0 9. d4 e5 10. dxe5 dxe5 11. c4 b5 12. Nc3 Rb8 13. Qe2 Qb6 14. a4 bxc4 15. a5 Qc7 16. Nd2 Rd8 17. Nxc4 Nf8 18. Bg5 Ne6 19. Bxf6 Nd4 20. Qd1 Bxf6 21. Nd5 Qc6 22. Nxe5 Qe6 23. Nc4 Rxd5 24. exd5 Qxd5 25. Re8+ Kg7 26. Nb6 Rxb6 27. axb6 Bd7 28. Re1 Qb7 29. Bd3 Bc6 30. Bxa6 Qxb6 31. Bf1 Qxb2 32. Qc1 Qb7 33. Rb1 Qa7 34. Re3 h5 35. Qa3 Qd7 36. Qxc5 h4 37. Rd1 h3 38. gxh3 Ba8 39. Rxd4 Qxd4 40. Qxd4 Bxd4 41. Rd3 Be5 42. Bg2 Bxg2 43. Kxg2 Bb8 44. Rd5 Bf4 45. h4 Kh6 46. h3 f5 47. Kf3 Bc1 48. Rd7 Bb2 49. Rf7 Be5 50. Ke3 Bb8 51. f4 Bd6 52. h5 Bc5+ 53. Kf3 Bd4 54. Rd7 Bb2 55. hxg6 Kxg6 56. Rd2 Bc3 57. Rg2+ Kf6 58. Rc2 Be1 59. Rc6+ Kf7 60. Ke3 Bg3 61. Rc1 Kf6 62. Rg1 Bh4 63. Rg2 Be1 64. Kd4 Ba5 65. h4 1-0

[Event "TUR-chT 1st League"]
[Site "Konya"]
[Date "2018.07.20"]
[Round "7.11"]
[White "Tepe, Efe Can"]
[Black "Tilicheev, Viacheslav"]
[Result "0-1"]
[WhiteElo "2127"]
[BlackElo "2526"]
[PlyCount "72"]
[EventDate "2018.07.16"]
[EventType "team-swiss"]
[EventRounds "9"]
[EventCountry "TUR"]
[SourceTitle "EXT 2019"]
[Source "ChessBase"]
[SourceDate "2018.10.10"]
[SourceVersion "1"]
[SourceVersionDate "2018.10.10"]
[SourceQuality "1"]
[WhiteTeam "Ego Spor"]
[BlackTeam "Karman Masterler"]
[WhiteTeamCountry "TUR"]
[BlackTeamCountry "TUR"]

1. e4 c5 2. Nf3 d6 3. d4 cxd4 4. Nxd4 Nf6 5. Nc3 a6 6. Be3 e5 7. Nb3 Be6 8. Qd2 Be7 9. f4 Nbd7 10. 0-0-0 Ng4 11. g3 Nxe3 12. Qxe3 b5 13. Kb1 b4 14. Nd5 Bxd5 15. Rxd5 0-0 16. Rd1 Qc7 17. h4 a5 18. f5 a4 19. Nc1 Rfc8 20. Rh2 Nf6 21. Rhd2 a3 22. b3 d5 23. Bg2 dxe4 24. c4 Bc5 25. Qe1 e3 26. Rc2 e4 27. Ne2 Rd8 28. Nf4 Rxd1+ 29. Qxd1 Rd8 30. Qc1 Qe5 31. Bh3 h6 32. Qe1 Rd2 33. Rxd2 exd2 34. Qxd2 e3 35. Qc2 Ne4 36. Ne2 Nd2+ 0-1

[Event "TUR Cup										"]
[Site "Antalya"]
[Date "2018.02.01"]
[Round "9"]
[White "Tepe, Efe Can"]
[Black "Sevgi, Volkan"]
[Result "1/2-1/2"]
[WhiteElo "2055"]
[BlackElo "2264"]
[PlyCount "64"]
[EventDate "2018.01.27"]
[EventType "swiss"]
[EventRounds "11"]
[EventCountry "TUR"]
[SourceTitle "CBM 182 Extra"]
[Source "ChessBase"]
[SourceDate "2018.02.23"]
[SourceVersion "1"]
[SourceVersionDate "2018.02.23"]
[SourceQuality "1"]

1. e4 c6 2. d4 g6 3. Nc3 d5 4. e5 Bg7 5. h3 a5 6. Nf3 f6 7. Bd3 Nh6 8. 0-0 0-0 9. Re1 Na6 10. a3 Nc7 11. Ne2 Nf7 12. Nf4 fxe5 13. dxe5 Ne6 14. c4 Nxf4 15. Bxf4 e6 16. Qc1 b6 17. cxd5 cxd5 18. Qe3 Bb7 19. Rad1 Qc7 20. h4 Qc5 21. Nd4 Qe7 22. g3 Rac8 23. Bb1 Ba6 24. Kg2 Rc7 25. Rh1 Rd7 26. Rc1 Rc8 27. Rcd1 Kf8 28. Qf3 Kg8 29. Qe3 Kf8 30. Qf3 Kg8 31. Qe3 Kf8 32. Qf3 Kg8 1/2-1/2

[Event "TUR Cup										"]
[Site "Antalya"]
[Date "2018.01.30"]
[Round "6"]
[White "Gozubuyukoglu, Selami"]
[Black "Tepe, Efe Can"]
[Result "0-1"]
[WhiteElo "1843"]
[BlackElo "2055"]
[PlyCount "46"]
[EventDate "2018.01.27"]
[EventType "swiss"]
[EventRounds "11"]
[EventCountry "TUR"]
[SourceTitle "CBM 182 Extra"]
[Source "ChessBase"]
[SourceDate "2018.02.23"]
[SourceVersion "1"]
[SourceVersionDate "2018.02.23"]
[SourceQuality "1"]

1. d4 Nf6 2. c4 c5 3. d5 e6 4. Nc3 exd5 5. cxd5 d6 6. Nf3 g6 7. e4 Bg7 8. Qa4+ Bd7 9. Qb3 Na6 10. Bf4 0-0 11. Be2 Re8 12. Nd2 c4 13. Qc2 b5 14. 0-0 Qb6 15. Be3 Nc5 16. f3 Qc7 17. b4 cxb3 18. Nxb3 Ncxe4 19. fxe4 Nxe4 20. Bd3 Qxc3 21. Qe2 Nc5 22. Rad1 Nxb3 23. axb3 Rxe3 0-1

[Event "TUR Cup										"]
[Site "Antalya"]
[Date "2018.01.28"]
[Round "2"]
[White "Caglar, Mehmet Halil"]
[Black "Tepe, Efe Can"]
[Result "0-1"]
[WhiteElo "1748"]
[BlackElo "2055"]
[PlyCount "74"]
[EventDate "2018.01.27"]
[EventType "swiss"]
[EventRounds "11"]
[EventCountry "TUR"]
[SourceTitle "CBM 182 Extra"]
[Source "ChessBase"]
[SourceDate "2018.02.23"]
[SourceVersion "1"]
[SourceVersionDate "2018.02.23"]
[SourceQuality "1"]

1. c4 Nf6 2. Nc3 g6 3. e4 d6 4. d4 Bg7 5. Nf3 0-0 6. Be2 c5 7. Be3 Ng4 8. Qd2 Nxe3 9. fxe3 Nc6 10. h3 cxd4 11. exd4 Bd7 12. g4 a6 13. Bd1 b5 14. cxb5 axb5 15. Bc2 Qb6 16. Ne2 Rfc8 17. Rh2 b4 18. Rd1 Rxa2 19. Bb3 Ra7 20. Rc1 Na5 21. Rxc8+ Bxc8 22. Ba2 b3 23. Bb1 Nc4 24. Qc1 Rc7 25. Nc3 Qb4 26. Kf1 Nxb2 27. Qxb2 Rxc3 28. Rf2 Bxd4 29. Nxd4 Qxd4 30. Kg2 Bb7 31. Qe2 Re3 32. Qb5 Bxe4+ 33. Kh2 Rxh3+ 34. Kxh3 Qe3+ 35. Kh4 Qxf2+ 36. Kg5 Qf6+ 37. Kh6 g5+ 0-1

[Event "TUR-chT 1st League"]
[Site "Konya"]
[Date "2017.07.18"]
[Round "2.11"]
[White "Tepe, Efe Can"]
[Black "Karaoglan, Kivanc"]
[Result "1-0"]
[WhiteElo "2036"]
[BlackElo "1985"]
[PlyCount "53"]
[EventDate "2017.07.17"]
[EventType "team-swiss"]
[EventRounds "9"]
[EventCountry "TUR"]
[SourceTitle "CBM 179 Extra"]
[Source "ChessBase"]
[SourceDate "2017.08.23"]
[SourceVersion "1"]
[SourceVersionDate "2017.08.23"]
[SourceQuality "1"]
[WhiteTeam "Ankara Ego"]
[BlackTeam "Karsiyaka Ihtisas"]
[WhiteTeamCountry "TUR"]
[BlackTeamCountry "TUR"]

1. e4 c6 2. d4 d5 3. Nd2 dxe4 4. Nxe4 Nf6 5. Nxf6+ gxf6 6. Be3 Bf5 7. Qd2 e6 8. Ne2 Bd6 9. Ng3 Bg6 10. 0-0-0 Nd7 11. h4 h5 12. Bd3 Bxd3 13. Qxd3 Qa5 14. Kb1 0-0-0 15. Bd2 Qc7 16. Qf3 c5 17. dxc5 Nxc5 18. Nxh5 Be5 19. Nxf6 Bxf6 20. Qxf6 Ne4 21. Qg7 Nxd2+ 22. Rxd2 Rxd2 23. Qxh8+ Kd7 24. Qh7 Rxf2 25. Qe4 Ke7 26. h5 f5 27. Qh4+ 1-0

[Event "TUR-chT 1st League"]
[Site "Konya"]
[Date "2017.07.17"]
[Round "1.9"]
[White "Shtembuliak, Evgeny"]
[Black "Tepe, Efe Can"]
[Result "1-0"]
[WhiteElo "2474"]
[BlackElo "2036"]
[PlyCount "49"]
[EventDate "2017.07.17"]
[EventType "team-swiss"]
[EventRounds "9"]
[EventCountry "TUR"]
[SourceTitle "CBM 179 Extra"]
[Source "ChessBase"]
[SourceDate "2017.08.23"]
[SourceVersion "1"]
[SourceVersionDate "2017.08.23"]
[SourceQuality "1"]
[WhiteTeam "Bursa Buyuksehir"]
[BlackTeam "Ankara Ego"]
[WhiteTeamCountry "TUR"]
[BlackTeamCountry "TUR"]

1. c4 Nf6 2. Nf3 g6 3. Nc3 Bg7 4. g3 0-0 5. Bg2 d6 6. d4 c5 7. 0-0 Nc6 8. dxc5 dxc5 9. Bf4 Be6 10. Ne5 Nh5 11. Nxc6 bxc6 12. Be3 Bd4 13. Bh6 Ng7 14. Qc2 Rb8 15. b3 Bf5 16. Qc1 a5 17. Bxc6 Qd6 18. Bg2 Rfd8 19. e3 Bf6 20. Nd5 Bxa1 21. Qxa1 f6 22. e4 Bg4 23. h3 Be2 24. e5 fxe5 25. Re1 1-0

[Event "TUR-ch U20"]
[Site "Canakkale"]
[Date "2016.07.01"]
[Round "7"]
[White "Tepe, Efe Can"]
[Black "Ererdem, Gani Eren"]
[Result "0-1"]
[WhiteElo "1925"]
[BlackElo "2151"]
[PlyCount "94"]
[EventDate "2016.06.27"]
[EventType "swiss"]
[EventRounds "9"]
[EventCountry "TUR"]
[SourceTitle "CBM 173 Extra"]
[Source "ChessBase"]
[SourceDate "2016.08.29"]
[SourceVersion "1"]
[SourceVersionDate "2016.08.29"]
[SourceQuality "1"]

1. e4 c5 2. Nf3 d6 3. Bb5+ Nd7 4. d4 Ngf6 5. Nc3 cxd4 6. Qxd4 a6 7. Bxd7+ Bxd7 8. Bg5 h6 9. Bxf6 gxf6 10. Nd5 Rc8 11. 0-0 Bg7 12. Nh4 e6 13. Nb6 Rc6 14. Nxd7 Qxd7 15. Qd3 Qc7 16. c3 Qb6 17. Qe2 Qc5 18. Rad1 0-0 19. g3 Rd8 20. Qf3 b5 21. Ng2 b4 22. Rd3 bxc3 23. Rxc3 Qb5 24. Rxc6 Qxc6 25. Ne3 f5 26. Qh5 Qxe4 27. Rc1 d5 28. Rc7 Rf8 29. b3 Qb1+ 30. Kg2 Qxa2 31. b4 Qb1 32. Rb7 Qe4+ 33. Qf3 Rd8 34. Rb6 Qxf3+ 35. Kxf3 Ra8 36. Nf1 Bd4 37. Rb7 a5 38. bxa5 Rxa5 39. Rb3 Kg7 40. Ne3 Ra2 41. h4 Kg6 42. Rd3 Ba7 43. Rb3 Bxe3 44. fxe3 e5 45. Rb5 Rd2 46. Ra5 f6 47. Ra3 e4+ 0-1

[Event "TUR-ch U20"]
[Site "Canakkale"]
[Date "2016.06.30"]
[Round "6"]
[White "Olcum, Ahmet"]
[Black "Tepe, Efe Can"]
[Result "0-1"]
[WhiteElo "2072"]
[BlackElo "1925"]
[PlyCount "62"]
[EventDate "2016.06.27"]
[EventType "swiss"]
[EventRounds "9"]
[EventCountry "TUR"]
[SourceTitle "CBM 173 Extra"]
[Source "ChessBase"]
[SourceDate "2016.08.29"]
[SourceVersion "1"]
[SourceVersionDate "2016.08.29"]
[SourceQuality "1"]

1. e4 c5 2. Nc3 a6 3. a4 Nc6 4. g3 e6 5. Bg2 g6 6. d3 Bg7 7. Be3 d6 8. Qd2 Nge7 9. Bh6 Bxh6 10. Qxh6 Nd4 11. Qd2 Bd7 12. Nd1 Nec6 13. Ne3 b5 14. axb5 axb5 15. Rb1 0-0 16. c3 Nb3 17. Qd1 Nca5 18. Ne2 Bc6 19. d4 cxd4 20. cxd4 b4 21. 0-0 Bb5 22. Re1 Qb6 23. d5 e5 24. Nc1 Nd4 25. Qg4 Nc4 26. Nxc4 Bxc4 27. b3 Bb5 28. Rb2 Qc5 29. Qg5 Rfc8 30. Rb1 Qc2 31. Bh3 Nf3+ 0-1

[Event "TUR-ch U20"]
[Site "Canakkale"]
[Date "2016.06.28"]
[Round "2"]
[White "Emel, Erim Turgut"]
[Black "Tepe, Efe Can"]
[Result "0-1"]
[WhiteElo "1533"]
[BlackElo "1925"]
[PlyCount "68"]
[EventDate "2016.06.27"]
[EventType "swiss"]
[EventRounds "9"]
[EventCountry "TUR"]
[SourceTitle "CBM 173 Extra"]
[Source "ChessBase"]
[SourceDate "2016.08.29"]
[SourceVersion "1"]
[SourceVersionDate "2016.08.29"]
[SourceQuality "1"]

1. e4 c5 2. Nf3 g6 3. d4 cxd4 4. Nxd4 Bg7 5. c4 Nc6 6. Be3 Nf6 7. Nc3 d6 8. Be2 0-0 9. 0-0 Nxd4 10. Bxd4 Bd7 11. Qd2 Bc6 12. f3 a5 13. Rae1 Nd7 14. Bxg7 Kxg7 15. Nd5 Nc5 16. Bd1 Kg8 17. Bc2 Rb8 18. f4 b5 19. f5 Nd7 20. Qg5 Bxd5 21. cxd5 Ne5 22. h4 Kg7 23. h5 f6 24. Qg3 g5 25. Rc1 h6 26. Bd1 Qb6+ 27. Kh1 Rfc8 28. Be2 Qd4 29. Rxc8 Rxc8 30. Bxb5 Rc2 31. Qe1 Rxb2 32. Qc1 Ng4 33. Qc7 Qe5 34. g3 Rh2+ 0-1

[Event "Manavgat Turkey Cup"]
[Site "Manavgat"]
[Date "2016.02.06"]
[Round "11"]
[White "Ozen, Deniz"]
[Black "Tepe, Efe Can"]
[Result "1/2-1/2"]
[WhiteElo "2061"]
[BlackElo "1887"]
[PlyCount "82"]
[EventDate "2016.01.30"]
[EventType "swiss"]
[EventRounds "11"]
[EventCountry "TUR"]
[SourceTitle "CBM 170 Extra"]
[Source "ChessBase"]
[SourceDate "2016.02.25"]
[SourceVersion "1"]
[SourceVersionDate "2016.02.25"]
[SourceQuality "1"]

1. e4 e6 2. d4 d5 3. Nc3 Nc6 4. e5 f6 5. Bb5 Bd7 6. Nf3 Qe7 7. 0-0 Qf7 8. Re1 0-0-0 9. Rb1 h6 10. a4 g5 11. exf6 Qxf6 12. Bxc6 Bxc6 13. Ne5 Be8 14. Re3 Ne7 15. Ne2 Nf5 16. Rf3 Qg7 17. Ng3 Bd6 18. Nxf5 exf5 19. Rxf5 Bg6 20. Nxg6 Qxg6 21. Qg4 Kb8 22. Be3 Rhf8 23. Rxf8 Rxf8 24. Rc1 Rf5 25. Re1 h5 26. Qe2 a6 27. c3 g4 28. c4 dxc4 29. Qxc4 h4 30. d5 h3 31. Qd4 hxg2 32. Qa7+ Kc8 33. Qa8+ Kd7 34. Qxb7 Qh5 35. Qc6+ Kd8 36. Qa8+ Kd7 37. Qc6+ Kd8 38. Bg5+ Rxg5 39. Qa8+ Kd7 40. Qc6+ Kd8 41. Qa8+ Kd7 1/2-1/2